[Event "DEN-ch qual"]
[Site "Copenhagen"]
[Date "1995.??.??"]
[Round "5"]
[White "Olesen, Martin"]
[Black "Nilsson, Nils Specht"]
[Result "1/2-1/2"]
[WhiteElo "2340"]
[BlackElo "2255"]

1.e4 c5 2.Nf3 Nc6 3.Bb5 g6 4.Bxc6 dxc6 5.h3 Bg7 6.d3 Nf6 7.Nc3 O-O 8.Be3 Nd7
9.Qd2 Re8 10.Bh6 Ne5 11.h4 Bxh6 12.Qxh6 Ng4 13.Qd2 h5 14.O-O-O b5 15.Nh2 Nxh2
16.Rxh2 Qd6 17.Rhh1 Be6  1/2-1/2

[Event "Copenhagen op17"]
[Site "Copenhagen"]
[Date "1995.??.??"]
[Round "5"]
[White "Karlsson, Agust S"]
[Black "Preuss, Flemming"]
[Result "1-0"]
[WhiteElo "2315"]
[BlackElo "2090"]

1.e4 c5 2.Nf3 Nc6 3.Bb5 g6 4.O-O Bg7 5.Re1 Nf6 6.c3 O-O 7.d4 cxd4 8.cxd4 d5
9.e5 Ne4 10.Nc3 Nxc3 11.bxc3 Bg4 12.h3 Bxf3 13.Qxf3 e6 14.Ba3 Re8 15.Qe2 Rc8
16.Rab1 Qd7 17.Ba4 Bf8 18.Bc1 Red8 19.Qb5 b6 20.Bg5 Be7 21.h4 Kg7 22.Re3 h6
23.Bxe7 Qxe7 24.h5 Qg5 25.hxg6 fxg6 26.Rg3 Qf5 27.Rf3 Qe4 28.Qf1 Rf8 29.Re1 Qg4
30.Rxf8 Kxf8 31.Re3 Kg7 32.Qa6 Ne7 33.Qxa7 Rf8 34.Qxe7+ Rf7 35.Qa3 b5 36.Bxb5 Rb7
37.Bf1 Qd1 38.Rf3 h5 39.Qf8+  1-0

[Event "Cordoba op"]
[Site "Cordoba"]
[Date "1995.??.??"]
[Round "?"]
[White "Ferrer Serrano, Roberto"]
[Black "Komljenovic, Davor"]
[Result "0-1"]
[WhiteElo "2135"]
[BlackElo "2485"]

1.e4 c5 2.Nf3 Nc6 3.Bb5 g6 4.O-O Bg7 5.c3 Nf6 6.Re1 O-O 7.d4 d5 8.e5 Ne4
9.Nbd2 Bf5 10.Bxc6 bxc6 11.Nh4 e6 12.Nxf5 exf5 13.f3 Ng5 14.Nb3 cxd4 15.Bxg5 Qxg5
16.cxd4 Rfb8 17.Rc1 a5 18.Rc2 Rb4 19.Nc5 Qh4 20.Rd2 a4 21.g3 Qe7 22.Rc2 f4
23.a3 Rc4 24.Rxc4 dxc4 25.Qc2 fxg3 26.hxg3 h5 27.Qxc4 h4 28.g4 Rd8 29.Kg2 Qg5
30.Ne4 Qf4 31.Rh1 Rb8 32.Qe2 g5 33.Rb1 c5 34.e6 Bxd4 35.exf7+ Kxf7 36.Qc4+ Kg7
37.Qe2  0-1

[Event "ESP-chT"]
[Site "Cordoba"]
[Date "1995.??.??"]
[Round "1"]
[White "Quintana, Emilio"]
[Black "Gomez Esteban, Juan Mario"]
[Result "0-1"]
[WhiteElo "2180"]
[BlackElo "2425"]

1.e4 c5 2.Nf3 Nc6 3.Bb5 g6 4.Bxc6 bxc6 5.O-O Bg7 6.Re1 Nf6 7.Nc3 O-O 8.d3 d6
9.Bg5 h6 10.Bd2 e5 11.Rb1 Nh7 12.b4 cxb4 13.Rxb4 Be6 14.Qc1 Bg4 15.Bxh6 Bxf3
16.gxf3 Qh4 17.Bxg7 Kxg7 18.f4 Rh8 19.f3 Ng5 20.fxg5 Qxh2+ 21.Kf1 Rh3 22.Qe3 Rg3
23.Reb1 Qh1+  0-1

[Event "ESP-chT"]
[Site "Cordoba"]
[Date "1995.??.??"]
[Round "1"]
[White "Garcia Luque, Agustin"]
[Black "Bayon Fernandez, R."]
[Result "1-0"]
[WhiteElo "2360"]
[BlackElo "2115"]

1.e4 c5 2.Nf3 Nc6 3.Bb5 g6 4.O-O Bg7 5.Re1 Nf6 6.c3 O-O 7.h3 d6 8.d4 Qb6
9.Na3 cxd4 10.cxd4 d5 11.e5 Ne4 12.Bd3 Rd8 13.Nc2 Bf5 14.Qe2 Rac8 15.Be3 Qxb2
16.Reb1 Nc3 17.Rxb2 Nxe2+ 18.Bxe2 Nxe5 19.Nxe5 Bxc2 20.Rc1 Bxe5 21.dxe5 d4
22.Bxd4 Rxd4 23.Rcxc2 Rxc2 24.Rxc2 Ra4 25.Bc4 e6 26.Bb3 Rb4 27.Rc4 Rb5 28.f4 a5
29.Kf2 b6 30.Ke3 Kg7 31.g3 h6 32.Rc7 Kf8 33.h4 h5 34.Kd3 Rb4 35.Rc4 Rb5 36.Kc3 Kg7
37.Rc7  1-0

[Event "ESP-chT"]
[Site "Cordoba"]
[Date "1995.??.??"]
[Round "8"]
[White "Ponce Navalon, Jose"]
[Black "Estremera Panos, Sergio"]
[Result "0-1"]
[WhiteElo "2175"]
[BlackElo "2350"]

1.e4 c5 2.Nf3 Nc6 3.Bb5 d6 4.O-O Bd7 5.c3 a6 6.Ba4 Nf6 7.Re1 c4 8.d4 cxd3
9.Qxd3 g6 10.Nbd2 Bg7 11.Nf1 O-O 12.Bb3 Na5 13.Bc2 Rc8 14.h3 Bb5 15.Qd1 Nc4
16.b3 Na5 17.c4 Bd7 18.Bd2 b5 19.c5 Ne8 20.Rc1 Nc6 21.Bb1 dxc5 22.Rxc5 Nd4
23.Rd5 Nxf3+ 24.Qxf3 Nf6 25.Rd3 Qc7 26.Bf4 Qb7 27.e5 Qxf3 28.gxf3 Nh5 29.Rxd7 Nxf4
30.Kh2 Rfd8 31.Rxd8+ Rxd8 32.Kg3 Nh5+ 33.Kg2 Rd5 34.Be4 Rxe5 35.Rc1 Nf4+
36.Kh2 f5 37.Bb7 Re2 38.Bxa6 Be5 39.Rc8+ Kg7 40.Kh1 Rxa2 41.h4 Rxf2  0-1

[Event "Crailsheim op 1st"]
[Site "Crailsheim"]
[Date "1995.??.??"]
[Round "?"]
[White "Oblitas, Carlomagno"]
[Black "Maiwald, Jens Uwe"]
[Result "1-0"]
[WhiteElo "2440"]
[BlackElo "2455"]

1.Nf3 c5 2.e4 Nc6 3.Bb5 d6 4.O-O Bd7 5.c3 Nf6 6.Re1 a6 7.Ba4 c4 8.d4 cxd3
9.Qxd3 g6 10.c4 Bg7 11.Nc3 O-O 12.Bg5 h6 13.Bd2 Rc8 14.Nd5 Ng4 15.Bc3 Bxc3
16.Qxc3 b5 17.cxb5 axb5 18.Bxb5 Na7 19.Bc4 Nc6 20.Qd2 Kh7 21.Bb5  1-0

[Event "CUB-ch"]
[Site "CUB"]
[Date "1995.??.??"]
[Round "10"]
[White "Gonzales, Renieo"]
[Black "Hernandez, Roman"]
[Result "1/2-1/2"]
[WhiteElo "2290"]
[BlackElo "2435"]

1.e4 c5 2.Nf3 Nc6 3.Bb5 g6 4.O-O Bg7 5.Re1 Nf6 6.e5 Nd5 7.Nc3 Nc7 8.Bxc6 dxc6
9.Ne4 Ne6 10.d3 h6 11.Be3 b6 12.Qd2 a5 13.a4 Ra7 14.Rad1 Rd7 15.Qc1 Qc7 16.c3 Bxe5
17.Bxh6 Rd5 18.Nxe5 Qxe5 19.Nxc5 Qf5 20.Nxe6 Bxe6 21.Qe3 g5 22.Bg7 Rh7 23.Be5 c5
24.Bc7 Kd7 25.Bxb6 Qf4 26.h3 Qd6 27.Bxa5 g4 28.Qg3 gxh3 29.c4 Qxg3 30.fxg3 Rg5
31.Re3 hxg2 32.Kxg2 Rgh5 33.Re4 Rh2+ 34.Kf3 Rxb2 35.Rh4 Rxh4 36.gxh4 Ra2
37.Bb6 Rxa4 38.Bxc5 Ra8 39.h5 Bf5 40.d4 Rh8 41.Ra1 Bd3 42.Ra7+ Kc6 43.Bxe7 Bxc4
44.Ra5 Bb5 45.Kg4 f5+ 46.Kg5 f4 47.Bf6 Rh7 48.Ra2 f3 49.Rf2 Kd5 50.h6 Ke4
51.Kg6 Ra7 52.h7 Ra8 53.Rb2 Bd3 54.h8=Q Rxh8 55.Bxh8 Ke3+ 56.Kh6 f2 57.Rxf2  1/2-1/2

[Event "CZE-chT 9495"]
[Site "?"]
[Date "1995.??.??"]
[Round "1"]
[White "Pacl, Vaclav"]
[Black "Mudrak, Josef"]
[Result "0-1"]
[WhiteElo "2290"]
[BlackElo "2315"]

1.e4 c5 2.Nf3 Nc6 3.Bb5 Na5 4.b3 a6 5.Be2 d6 6.Bb2 e5 7.O-O f5 8.d3 Be7 9.c3 Nf6
10.Nbd2 O-O 11.b4 Nc6 12.a4 Qc7 13.b5 Nd8 14.Re1 Kh8 15.Bf1 axb5 16.axb5 Rxa1
17.Qxa1 fxe4 18.dxe4 Nh5 19.g3 Bg4 20.Re3 Qd7 21.Qb1 Nf7 22.Qd3 Ng5 23.Bg2 Nh3+
24.Bxh3 Bxh3 25.Ne1 Bg5 26.Re2 Qe6 27.f3 Qg6 28.Ng2 d5 29.Nf1 d4 30.Rf2 b6
31.Nd2 Be3 32.Nxe3 Nf4 33.Qc4 dxe3  0-1

[Event "CZE-chT 9495"]
[Site "?"]
[Date "1995.??.??"]
[Round "1"]
[White "Jansa, Vlastimil"]
[Black "Votava, Jan"]
[Result "1/2-1/2"]
[WhiteElo "2525"]
[BlackElo "2395"]

1.e4 c5 2.Nf3 Nc6 3.Bb5 g6 4.Bxc6 bxc6 5.O-O Bg7 6.Re1 Nh6 7.c3 f6 8.d4 cxd4
9.cxd4 Nf7 10.Nc3 O-O 11.h3 d6 12.b3 Qa5 13.Bb2 Qh5 14.Qd3 a5 15.Ne2 a4 16.bxa4 Rxa4
17.Qc2 Ra6 18.a4 Ng5 19.Nxg5 Qxg5 20.f4 Qh4 21.a5 d5 22.Bc3 g5 23.Rf1 g4
24.hxg4 Qxg4 25.Rae1 dxe4 26.Qxe4 Be6 27.Qf3 Qxf3 28.Rxf3 Bd5 29.Re3 e6 30.Nc1 Bc4
31.Nd3 Bxd3 32.Rxd3 Kf7 33.Rb1 Ra7 34.Rd2 Rd8 35.Rdb2 Rdd7 36.Rb6 f5 37.a6 Ke7
38.Rxc6 Bxd4+ 39.Bxd4 Rxd4 40.Rbb6 Rxf4 41.Rxe6+ Kf7 42.Rf6+ Kg7 43.Rfc6 Ra4
44.Kf2 Ra3 45.Ke2 Rg3 46.Rb7+ Rxb7 47.axb7 Rxg2+ 48.Kf3 Rb2  1/2-1/2

[Event "CZE-chT 9495"]
[Site "?"]
[Date "1995.??.??"]
[Round "3"]
[White "Seifert, Milan"]
[Black "Danek, Libor"]
[Result "1/2-1/2"]
[WhiteElo "2265"]
[BlackElo "2345"]

1.e4 c5 2.Nf3 Nc6 3.Bb5 d6 4.O-O Bd7 5.d4 cxd4 6.Nxd4 Nf6 7.Nc3 g6 8.Bxc6 Bxc6
9.Nxc6 bxc6 10.Qf3 Nd7 11.Qh3 Bg7 12.Bh6 O-O 13.Bxg7 Kxg7 14.f4 Nc5 15.Kh1 Rb8
16.b3 Rb7 17.Rf3 d5 18.e5 f5 19.exf6+ exf6 20.f5 Re7 21.Qh4 g5 22.Qd4 Qd6
23.Raf1 Rfe8 24.g3 a5 25.Kg2  1/2-1/2

[Event "CZE-chT 9495"]
[Site "?"]
[Date "1995.??.??"]
[Round "10"]
[White "Rogers, Ian"]
[Black "Bakalar, Petr"]
[Result "1-0"]
[WhiteElo "2570"]
[BlackElo "2355"]

1.e4 c5 2.Nf3 Nc6 3.Bb5 d6 4.O-O a6 5.Bxc6+ bxc6 6.h3 e5 7.c3 Nf6 8.Re1 Be7
9.d4 exd4 10.cxd4 cxd4 11.Nxd4 Bd7 12.Nc3 O-O 13.Bf4 Re8 14.Qc2 Qb6 15.Rad1 h6
16.Nde2 c5 17.Bh2 Bf8 18.Nf4 Bc6 19.f3 Rab8 20.Re2 Rb7 21.Kh1 Reb8 22.Qc1 a5
23.Red2 a4 24.Nfe2 Ne8 25.Bf4 Qa6 26.Ng3 g6 27.Nf1 Bg7 28.Ne3 Kh7 29.Rc2 Bb5
30.Nxb5 Rxb5 31.Nc4 Rd8 32.Rcd2 Rb4 33.Rc2 Rdb8 34.Nxd6 Bxb2 35.Rxb2 Rxb2
36.Nxe8 Qe2 37.Nf6+ Kh8 38.Rg1 Rb1 39.Qxc5 Rxg1+ 40.Kxg1 Qd1+ 41.Kh2  1-0

[Event "CZE-chT1c 9495"]
[Site "?"]
[Date "1995.??.??"]
[Round "2"]
[White "Svobodova, Michaela"]
[Black "Muzik, Martin"]
[Result "0-1"]
[WhiteElo "2120"]
[BlackElo "2195"]

1.e4 c5 2.Nf3 Nc6 3.Bb5 e6 4.O-O Nge7 5.Re1 a6 6.Bf1 d5 7.exd5 Qxd5 8.Nc3 Qd8
9.d3 Nf5 10.Bf4 Be7 11.Ne4 O-O 12.c3 Qd5 13.Qb3 Qxb3 14.axb3 b6 15.Rad1 Ra7
16.d4 cxd4 17.g4 Nh4 18.Nxh4 Bxh4 19.cxd4 Be7 20.Nd6 Bxd6 21.Bxd6 Rd8 22.d5 exd5
23.Rxd5 Be6 24.Rd3 Rad7 25.Red1 Bxg4 26.f3 Bf5 27.Re3 g6 28.Bxa6 Rxd6 29.Re8+ Rxe8
30.Rxd6 Re6 31.Rd2 Ne5 32.Kf2 Rc6 33.Ke3 Rc2 34.Rd6 Rxb2 35.Rxb6 Be6 36.b4 Rb3+
37.Ke4 Nxf3 38.b5 g5 39.Rb8+ Kg7 40.Rb7 Kg6  0-1

[Event "CZE-chT1c 9495"]
[Site "?"]
[Date "1995.??.??"]
[Round "3"]
[White "Sosna, Jan"]
[Black "Michenka, Jozef"]
[Result "0-1"]
[WhiteElo "2310"]
[BlackElo "2360"]

1.e4 c5 2.Nf3 Nc6 3.Bb5 g6 4.O-O Bg7 5.c3 Nf6 6.e5 Nd5 7.d4 cxd4 8.cxd4 O-O
9.Nc3 Nxc3 10.bxc3 d6 11.exd6 Qxd6 12.a4 Rd8 13.Re1 Qc7 14.Bg5 Be6 15.Qe2 Na5
16.Rac1 Nb3 17.Rc2 Rac8 18.Bd3 Rd5 19.Bh4 Qa5 20.Be4 Rd7 21.Qe3 Rdc7 22.d5 Bg4
23.h3 Bxf3 24.Bxf3 Bxc3 25.Rxc3 Qxc3 26.Bxe7 Qxe3 27.Rxe3 Nd4 28.d6 Nxf3+
29.Rxf3 Rd7 30.Rf4 f5 31.g4 Rc5 32.Kg2 Kf7 33.f3 Ke6 34.g5 b5 35.axb5 Rxb5
36.Rh4 Rbb7 37.Ra4 Kd5 38.Kf2 Kc6 39.Ke3 Rb5 40.Ra1 a5 41.Kd4 Ra7 42.Rc1+ Kd7
43.Kc4 Rb8 44.Kd5 a4  0-1

[Event "CZE-chT1c 9495"]
[Site "?"]
[Date "1995.??.??"]
[Round "4"]
[White "Talla, Vladimir"]
[Black "Zpevak, Pavel"]
[Result "1/2-1/2"]
[WhiteElo "2240"]
[BlackElo "2355"]

1.e4 c5 2.Nf3 Nc6 3.Bb5 d6 4.Bxc6+ bxc6 5.O-O Bg4 6.d3 e6 7.Nbd2 Ne7 8.h3 Bh5
9.c3 Nc8 10.Qa4 Qc7 11.g4 Nb6 12.Qd1 Bg6 13.Nh4 Be7 14.Nxg6 hxg6 15.Kg2 d5
16.Qe2 Bd6 17.Nf3 c4 18.dxc4 Nxc4 19.b3 Ne5 20.Nxe5 Bxe5 21.Bd2 dxe4 22.Qxe4 O-O
23.Rae1 Bf6 24.g5 Be7 25.c4 Rfd8 26.Rd1 Rac8 27.h4 Qb6 28.Bc3 Qc5 29.Qe5 Qxe5
30.Bxe5 f6 31.Bd4 Rd7 32.Be3 Rcd8 33.Rxd7 Rxd7 34.Kf3 Kf7 35.Ke2 e5 36.Rd1 Rxd1
37.Kxd1 a6 38.Kc2 Bb4 39.Kd3 Ke6 40.Bc1 Kf5 41.a3 Bc5 42.Ke2 Kg4 43.b4 Bd6
44.Bd2 Kxh4 45.a4 Kg4 46.a5 Kf5 47.b5 cxb5 48.cxb5 axb5 49.a6 Bb8 50.Kd3 Ke6
51.Be3 Kd5 52.a7 Bxa7 53.Bxa7 fxg5 54.Be3 e4+ 55.Kc3 Ke5 56.Bc1 b4+ 57.Kxb4 Kf5
58.Kc4 Kg4 59.Kd4 Kf3 60.Bxg5 Kxf2 61.Kxe4 Kg3 62.Be7 Kg4 63.Bf8  1/2-1/2

[Event "CZE-chT1c 9495"]
[Site "?"]
[Date "1995.??.??"]
[Round "8"]
[White "Sosna, Jan"]
[Black "Sluka, Radek"]
[Result "1-0"]
[WhiteElo "2310"]
[BlackElo "2310"]

1.e4 c5 2.Nf3 Nc6 3.Bb5 e6 4.O-O Nge7 5.Re1 a6 6.Bxc6 Nxc6 7.d4 cxd4 8.Nxd4 Be7
9.Nxc6 dxc6 10.Qg4 O-O 11.Nd2 e5 12.Qg3 f6 13.Nb3 a5 14.Be3 a4 15.Rad1 Qe8
16.Nc5 Ra5 17.Nd3 Be6 18.a3 Qg6 19.f3 Qxg3 20.hxg3 Rb5 21.g4 Rd8 22.Bc1 Kf7
23.g3 Bc4 24.Nf2 Re8 25.Kg2 h6 26.Rd2 Bc5 27.Nd1 Bd4 28.Ne3 Be6 29.Nf5 Bxf5
30.gxf5 Ke7 31.Red1 Rd8 32.Kf1 Bb6 33.Rxd8 Bxd8 34.Ke2 Bb6 35.Rd3 Bd4 36.b4 axb3
37.Rxb3 Rxb3 38.cxb3 Kd6 39.a4 Bc5 40.g4 b5 41.Kd3 Kc7 42.f4 exf4 43.Bxf4+ Kb6
44.e5 fxe5 45.Bxe5 Bf8 46.Bc3 bxa4 47.bxa4 Kc5 48.a5 Kb5 49.Ke4 c5 50.Kd5 c4
51.Ke6 Bb4 52.a6 Bxc3 53.a7 Bf6 54.a8=Q c3 55.Kd5 Kb4 56.Qb7+ Ka3 57.Kc4 Ka2
58.Qg2+  1-0

[Event "CZE-chT1c 9495"]
[Site "?"]
[Date "1995.??.??"]
[Round "8"]
[White "Velicka, Petr"]
[Black "Zpevak, Pavel"]
[Result "1/2-1/2"]
[WhiteElo "2425"]
[BlackElo "2355"]

1.e4 c5 2.Nf3 Nc6 3.Bb5 d6 4.Bxc6+ bxc6 5.O-O g6 6.c3 Bg7 7.h3 f5 8.d3 e5
9.Re1 Nf6 10.exf5 gxf5 11.d4 cxd4 12.Nxd4 O-O 13.Nxc6 Qc7 14.Nb4 Bb7 15.Bg5 a5
16.Bxf6 Bxf6 17.Nd5 Qc6 18.c4 Qxc4 19.Nbc3 Bh4 20.Ne3 Qc7 21.Qh5 Bxf2+ 22.Kxf2 Qd7
23.Qg5+ Kh8 24.Kg1 f4 25.Kh2 fxe3 26.Rxe3 Qd8 27.Qh5 Qf6 28.Rae1 Qf4+ 29.Kh1 Rf5
30.Qe2 Raf8 31.Ne4 Qh6 32.Qd3 Bxe4 33.Rxe4 Rf2 34.R4e2 Rf1+ 35.Kh2 Qf4+ 36.Qg3  1/2-1/2

[Event "CZE-chT1c 9495"]
[Site "?"]
[Date "1995.??.??"]
[Round "11"]
[White "Cempel, Jaroslav"]
[Black "Pisk, Petr"]
[Result "0-1"]
[WhiteElo "2290"]
[BlackElo "2290"]

1.e4 c5 2.Nf3 Nc6 3.Bb5 d6 4.O-O Bd7 5.c3 Nf6 6.Re1 a6 7.Ba4 b5 8.Bc2 e5
9.d4 cxd4 10.cxd4 Bg4 11.Be3 exd4 12.Bxd4 Be7 13.Nc3 O-O 14.Ne2 Rc8 15.Rc1 Bxf3
16.gxf3 Nxd4 17.Nxd4 Nh5 18.Nf5 g6 19.Ng3 Nf4 20.Rb1 Bf6 21.Bd3 Be5 22.Bf1 h5
23.Qd2 h4 24.Ne2 Qg5+ 25.Kh1 Rc2 26.Qe3 Qf6 27.Nxf4 Bxf4 28.Qd3 Be5 29.Qe3 Bd4
30.Qh6 Qxf3+ 31.Bg2 Qxf2 32.Rg1 Be3  0-1

[Event "CZE-chT2"]
[Site "?"]
[Date "1995.??.??"]
[Round "?"]
[White "Seifert, Milan"]
[Black "Vodicka, Vladimir"]
[Result "1-0"]
[WhiteElo "2265"]
[BlackElo "2335"]

1.e4 c5 2.Nf3 Nc6 3.Bb5 g6 4.O-O Bg7 5.Re1 e5 6.d3 Nge7 7.Be3 d6 8.h3 O-O
9.Nc3 h6 10.a4 Kh7 11.Bc4 f5 12.Nd5 f4 13.Bd2 g5 14.Nxe7 Qxe7 15.Nh2 Bd7
16.c3 Kg6 17.a5 h5 18.f3 Rh8 19.Qe2 Raf8 20.Rf1 Bf6 21.Bd5 Nd8 22.Rab1 Nf7
23.Bxf7+ Kxf7 24.b4 Bc8 25.bxc5 dxc5 26.Rb5 a6 27.Rb6 Qd7 28.Rd1 Bd8 29.Rbb1 Bxa5
30.Bxf4 Bxc3 31.Bxg5 b5 32.Rf1 Kg6 33.f4 exf4 34.Bxf4 Rf7 35.Rf3 h4 36.Rbf1 Rhf8
37.Kh1 Qe7 38.Be3 b4 39.Qf2 Bd4 40.Bxd4 cxd4 41.Qxd4 b3 42.Rxf7 Rxf7 43.Nf3 Kh6
44.Qh8+  1-0

[Event "CZE-chT2"]
[Site "?"]
[Date "1995.??.??"]
[Round "?"]
[White "Hosticka, Frantisek"]
[Black "Ioseliani, Nana"]
[Result "0-1"]
[WhiteElo "2265"]
[BlackElo "2465"]

1.e4 c5 2.Nf3 Nc6 3.Bb5 e6 4.Bxc6 bxc6 5.d3 d5 6.Nbd2 Ne7 7.O-O Ng6 8.Re1 Be7
9.b3 O-O 10.Bb2 Qc7 11.Nf1 Ba6 12.c4 Rad8 13.Qc2 Bc8 14.Bc3 d4 15.Bd2 e5
16.Bc1 Bg4 17.N3d2 Nf4 18.f3 Bc8 19.Ng3 Qa5 20.Bb2 g6 21.Ndf1 Bh4 22.Red1 f5
23.Bc1 Ne6 24.Bd2 Qc7 25.a3 f4 26.Nh1 h5 27.Be1 Bf6 28.b4 Qg7 29.Nf2 Bh4
30.Qe2 g5 31.h3 g4 32.hxg4 Bxf2+ 33.Bxf2 hxg4 34.Bh4 Rd6 35.bxc5 Nxc5 36.Nh2 g3
37.Ng4 Bxg4 38.fxg4 Rh6 39.Bxg3 fxg3 40.Rf1 Rh1+  0-1

[Event "CZE-chT2"]
[Site "?"]
[Date "1995.??.??"]
[Round "?"]
[White "Hosticka, Frantisek"]
[Black "Vodicka, Vladimir"]
[Result "0-1"]
[WhiteElo "2265"]
[BlackElo "2335"]

1.e4 c5 2.Nf3 Nc6 3.Bb5 g6 4.O-O Bg7 5.Re1 Nf6 6.e5 Nd5 7.Nc3 Nc7 8.Bxc6 dxc6
9.Ne4 b6 10.Nf6+ Kf8 11.Ne4 Bg4 12.Nc3 Ne6 13.h3 Bxf3 14.Qxf3 Qc7 15.Nb5 Qd7
16.d3 Rd8 17.Na3 Qd5 18.Qg3 h5 19.Re4 Nd4 20.Qe3 b5 21.c4 Qd7 22.cxb5 cxb5
23.Qd2 Qc7 24.b4 Bxe5 25.Bb2 a6 26.bxc5 Qxc5 27.Rae1 Bf6 28.Qa5 Kg7 29.Nc4 Qg5
30.Bxd4 Rxd4 31.Rxd4 Bxd4 32.Ne3 Qf6 33.Qc7 Qe5 34.Qxe5+ Bxe5 35.Nf5+ gxf5
36.Rxe5 Kf6 37.Rc5 Rd8 38.Rc3 Ke5 39.Kf1 Rd7 40.Rc5+ Rd5 41.f4+ Kd4 42.Rc6 Rd6
43.Rc7 Re6 44.Rd7+ Ke3 45.g3 Kf3 46.Rd5 Rc6 47.Ke1 e6 48.Rd7 Kxg3 49.Rxf7 Kxf4
50.Kd2 Kg3 51.Ke3 Kxh3 52.Rg7 h4 53.Rg6 Kh2 54.d4 Rd6 55.d5 Rxd5 56.Rxe6 a5
57.Rb6 b4 58.a4 bxa3 59.Rb3 Kg3 60.Rxa3 h3 61.Ke2+ Kg2  0-1

[Event "CZE-chT2"]
[Site "?"]
[Date "1995.??.??"]
[Round "?"]
[White "Schula, Michal"]
[Black "Marsalek, Zdenek"]
[Result "1/2-1/2"]
[WhiteElo "2270"]
[BlackElo "2190"]

1.e4 c5 2.Nf3 Nc6 3.Bb5 g6 4.Bxc6 dxc6 5.h3 Bg7 6.Nc3 e5 7.d3 Qe7 8.Be3 Nf6
9.Qd2 h6 10.O-O-O b6  1/2-1/2

[Event "CZE-chT2"]
[Site "?"]
[Date "1995.??.??"]
[Round "?"]
[White "Houser, Pavel"]
[Black "Vodicka, Vladimir"]
[Result "0-1"]
[WhiteElo "2340"]
[BlackElo "2335"]

1.e4 c5 2.Nf3 Nc6 3.Bb5 g6 4.O-O Bg7 5.Re1 Nf6 6.c3 O-O 7.d4 d5 8.exd5 Qxd5
9.dxc5 Qxc5 10.Qe2 Bg4 11.Be3 Qh5 12.Nbd2 Ne5 13.Bd4 Nxf3+ 14.gxf3 Bh3 15.Qe5 Qxe5
16.Bxe5 Rfd8 17.Nb3 a6 18.Bf1 Be6 19.Nd4 Bd7 20.c4 Rac8 21.Rac1 Bh6 22.Rc2 Nh5
23.Nb3 f6 24.Bd4 Bf5 25.Rc3 e5 26.Be3 Bf8 27.c5 Ng7 28.Na5 Rd7 29.Rec1 Be6
30.a3 Nf5 31.c6 bxc6 32.Rxc6 Rxc6 33.Rxc6 Bd5 34.Bc4 Nh4 35.Kf1 Nxf3 36.Rxf6 e4
37.Rxa6 Bxc4+ 38.Nxc4 Rd1+ 39.Kg2 Rg1+ 40.Kh3 g5 41.Bxg5 Nxg5+ 42.Kh4 Nf3+
43.Kh3 Be7 44.Ra7 Rg7  0-1

[Event "CZE-chT2"]
[Site "?"]
[Date "1995.??.??"]
[Round "?"]
[White "Boukal, Petr"]
[Black "Vozka, Pavel"]
[Result "0-1"]
[WhiteElo "2245"]
[BlackElo "2205"]

1.e4 c5 2.Nf3 Nc6 3.Bb5 e6 4.Bxc6 bxc6 5.O-O d5 6.d3 Nf6 7.e5 Nd7 8.Re1 Be7
9.Nbd2 O-O 10.Nf1 Rb8 11.Qe2 c4 12.dxc4 Ba6 13.Nd4 Qc7 14.Qg4 Nxe5 15.Qg3 Bd6
16.c5 Bxc5 17.Bh6 Nf3+ 18.Qxf3 Bxd4 19.Qg4 Bxb2 20.Rad1 f5  0-1

[Event "CZE-chT2a 9596"]
[Site "CZE"]
[Date "1995.??.??"]
[Round "?"]
[White "Novotny, Jaroslav"]
[Black "Kolin, Julius"]
[Result "0-1"]
[WhiteElo "2270"]
[BlackElo "2255"]

1.e4 c5 2.Nf3 Nc6 3.Bb5 e6 4.O-O Nge7 5.b3 a6 6.Bxc6 Nxc6 7.Bb2 d5 8.exd5 Qxd5
9.Na3 Bd6 10.Nc4 Bc7 11.Bxg7 Rg8 12.Bb2 Nd4 13.Bxd4 cxd4 14.a4 b6 15.Ne1 Bb7
16.f3 b5 17.axb5 axb5 18.Rxa8+ Bxa8 19.Nb2 Qh5 20.f4 Qd5 21.Qe2 h5 22.Nbd3 h4
23.h3 Rg3 24.Nf3 Qf5 25.Nxh4 Qxh3 26.Nf3 Qg4 27.Nde5 d3 28.Nxd3 Bb6+  0-1

[Event "CZE-chT2b 9596"]
[Site "CZE"]
[Date "1995.??.??"]
[Round "?"]
[White "Hallerova, Eva"]
[Black "Folk, Petr"]
[Result "1-0"]
[WhiteElo "2160"]
[BlackElo "2295"]

1.e4 c5 2.Nf3 Nc6 3.Bb5 d6 4.O-O Bd7 5.c3 Nf6 6.Re1 a6 7.Bf1 Bg4 8.h3 Bh5
9.g4 Bg6 10.d3 e6 11.Bf4 Be7 12.Nbd2 h5 13.g5 Nd7 14.h4 O-O 15.d4 cxd4 16.cxd4 e5
17.Be3 f5 18.gxf6 Bxf6 19.d5 Nd4 20.Ng5 Qe7 21.Bh3 Kh8 22.Kh1 Nc5 23.Bxd4 Bxg5
24.Bxc5 Bxd2 25.Qxd2 Qxh4 26.Qe3 dxc5 27.Kg2 Rf4 28.f3 Raf8 29.Rf1 Qg5+ 30.Kh2 Qf6
31.Bg2 Qh4+ 32.Kg1 Qg3 33.d6 h4 34.Qe1 Qg5 35.Kh2 Qf6 36.Rd1 Rd8 37.d7 Bh5
38.Qe3 Qg5 39.Qe1 Qf6 40.Qe3 Kg8 41.Qxc5 h3 42.Bxh3 Rxf3 43.Rxf3 Bxf3 44.Rg1 Kh8
45.Qe3 Bh5 46.Qg5 Bf3 47.Qxf6 gxf6 48.Rc1  1-0

[Event "Debrecen op"]
[Site "Debrecen"]
[Date "1995.??.??"]
[Round "5"]
[White "Nemeth, Zoltan"]
[Black "Felegyhazi, Laszlo"]
[Result "0-1"]
[WhiteElo "2395"]
[BlackElo "2360"]

1.e4 c5 2.Nf3 Nc6 3.Bb5 e5 4.O-O d6 5.Bxc6+ bxc6 6.c4 Nf6 7.d3 Be7 8.h3 O-O
9.Nc3 Ne8 10.Nh2 Bg5 11.f4 exf4 12.Bxf4 Bxf4 13.Rxf4 Qg5 14.Rf3 Nf6 15.Qc1 Qxc1+
16.Rxc1 Nd7 17.Rd1 Ne5 18.Rf2 f5 19.Nf3 Nf7 20.Nh4 fxe4 21.Nxe4 Be6 22.Nf3 h6
23.b3 Rfe8 24.Rfd2 Rad8 25.Nc3 Bc8 26.d4 cxd4 27.Rxd4 Bf5 28.Kf2 g5 29.g4 Bg6
30.Re1 Rxe1 31.Kxe1 Re8+ 32.Kf2 a5 33.Rd2 Re6 34.Re2 Rf6 35.Kg3 Kf8 36.Rf2 Rf4
37.Ne2 Re4 38.Ned4 c5 39.Nb5 Re3 40.Kh2 Ke7 41.Nc7 Be4 42.Nd2 Bc6 43.Nf1 Re1
44.Ng3 Ne5 45.Nd5+ Bxd5 46.cxd5 Rd1 47.Nf5+ Kd7 48.Nxh6 Rxd5 49.Kg3 Rd3+
50.Kg2 Ng6 51.Nf7 Nf4+ 52.Kh1  0-1

[Event "Decin op"]
[Site "Decin"]
[Date "1995.??.??"]
[Round "3"]
[White "Kucera, Petr"]
[Black "Medunova, Vera"]
[Result "1-0"]
[WhiteElo "2330"]
[BlackElo "2200"]

1.e4 c5 2.Nf3 Nc6 3.Bb5 Nd4 4.Nxd4 cxd4 5.c3 Qb6 6.Qe2 a6 7.Bc4 g6 8.cxd4 Bg7
9.Nc3 Bxd4 10.O-O e6 11.d3 Bg7 12.Be3 Qa5 13.f4 Ne7 14.Qf2 d6 15.Bb6 Qh5
16.Bb3 O-O 17.Rae1 Bd7 18.Bd1 Qh6 19.g4 g5 20.f5 Be5 21.Be3 Nc6 22.d4 Bf6
23.Bf3 Rac8 24.Rd1 Qg7 25.Be2 Nb4 26.Rd2 Nc6 27.a4 Na5 28.e5 Bd8 29.f6 Qh6
30.Ne4 Nc4 31.Bxc4 Rxc4 32.Nxg5 Qg6 33.h4 h5 34.gxh5 Qxh5 35.Qg3 Kh8 36.Rg2 Rg8
37.Nxf7+ Qxf7 38.Qxg8+ Qxg8 39.Rxg8+ Kxg8 40.f7+  1-0

[Event "Decin op"]
[Site "Decin"]
[Date "1995.??.??"]
[Round "5"]
[White "Kucera, Petr"]
[Black "Horak, Jiri"]
[Result "1-0"]
[WhiteElo "2330"]
[BlackElo "2270"]

1.e4 c5 2.Nf3 Nc6 3.Bb5 e6 4.O-O Nge7 5.Re1 Ng6 6.c3 d5 7.exd5 Qxd5 8.d4 cxd4
9.Nxd4 Bd7 10.Be3 Nxd4 11.Bxd7+ Qxd7 12.Qxd4 Qxd4 13.Bxd4 Be7 14.Nd2 O-O
15.Nb3 b6 16.g3 Rfd8 17.a4 Bf6 18.f4 Bxd4+ 19.Nxd4 Rd5 20.Re2 Rc8 21.Rae1 h5
22.Re4 a6 23.Nf3 Ne7 24.Rb4 b5 25.axb5 axb5 26.Re5 Rcc5 27.Rxd5 Nxd5 28.Rb3 Kf8
29.Nd4 b4 30.cxb4 Rc4 31.Nf3 Rxb4 32.Rxb4 Nxb4 33.b3 Ke7 34.Kf2 Kd6 35.Ke3 Kd5
36.Nd4 e5 37.Ne2 g6 38.fxe5 Kxe5 39.Nf4 Nc2+ 40.Kd3 Nb4+ 41.Kc3 Na2+ 42.Kd2 Kd4
43.Nh3 Nb4 44.Ng5 f6 45.Ne6+ Ke4 46.Ke2 Nd5 47.Nf8 g5 48.Nd7 h4 49.gxh4 gxh4
50.Kf2 Kf4 51.Nc5 Kg4 52.Nd3 Kh3 53.Kg1 Nc3 54.Nf2+  1-0

[Event "Dhaka"]
[Site "Dhaka"]
[Date "1995.??.??"]
[Round "10"]
[White "Magomedov, Magaram"]
[Black "Gunawan, Ruben"]
[Result "1/2-1/2"]
[WhiteElo "2455"]
[BlackElo "2430"]

1.e4 c5 2.Nf3 Nc6 3.Bb5 e6 4.O-O Nge7 5.Re1 a6 6.Bf1 d5 7.exd5 Nxd5 8.d4 Be7
9.dxc5 Bxc5 10.c4 Nf6 11.Qxd8+ Kxd8 12.Nc3 h6 13.Bf4 Ke7 14.Nd5+ Kf8 15.Be3 Bxe3
16.Nxe3 Nd7 17.Rad1 f6 18.Rd6 Kf7 19.Nc2 Re8 20.Ncd4 Nxd4 21.Nxd4 e5 22.Nb3 Nb8
23.c5 Nc6 24.Nd2 Be6 25.Nc4 Kf8 26.b3 Bxc4 27.Bxc4 Rad8 28.Red1 Nd4 29.f4 Rxd6
30.cxd6 Nc6 31.Bd5 Rd8 32.Bxc6 bxc6 33.fxe5 fxe5 34.Rf1+ Ke8 35.Re1 Rxd6
36.Rxe5+ Kd7 37.Ra5 c5 38.Kf2 Kc7 39.Ra4 Kb6  1/2-1/2

[Event "Dortmund op"]
[Site "Dortmund"]
[Date "1995.??.??"]
[Round "8"]
[White "Skripchenko, Almira"]
[Black "Kind, Bertram"]
[Result "1/2-1/2"]
[WhiteElo "2400"]
[BlackElo "2170"]

1.e4 c5 2.Nf3 Nc6 3.Bb5 g6 4.Bxc6 dxc6 5.d3 Bg7 6.Nc3 e5 7.Be3 b6 8.h3 Ne7
9.g4 h6 10.Qd2 Be6 11.O-O-O Qc7 12.Rhg1 O-O-O  1/2-1/2

[Event "Dortmund op"]
[Site "Dortmund"]
[Date "1995.??.??"]
[Round "9"]
[White "Remmler, Hans Peter"]
[Black "Skripchenko, Almira"]
[Result "1-0"]
[WhiteElo "2075"]
[BlackElo "2400"]

1.e4 c5 2.Nf3 Nc6 3.Bb5 g6 4.O-O Bg7 5.Re1 e5 6.c3 Nge7 7.d4 exd4 8.cxd4 cxd4
9.Bf4 O-O 10.Nbd2 d5 11.Rc1 h6 12.e5 Qb6 13.Bxc6 Nxc6 14.Nb3 g5 15.Bg3 Bg4
16.h3 Bh5 17.Bh2 Rfe8 18.g4 Bg6 19.Nbxd4 Qxb2 20.Nxc6 bxc6 21.Rxc6 Qxa2 22.Nd4 Rac8
23.Rxc8 Rxc8 24.Nf5 Rc2 25.Qd4 Rd2 26.Qe3 d4 27.Qf3 Qe6 28.Qa8+ Kh7 29.Nxg7 Kxg7
30.Bg3 Rc2 31.Qxa7 d3 32.Qd4 Rc4 33.Qd8 Be4 34.f3 Bg6 35.Ra1 Rc8 36.Qd4 Kh7
37.Be1 Qc6 38.Qe3 Re8 39.Bd2 Qc7 40.Re1 Re6 41.f4 gxf4 42.Qxf4 Qc5+ 43.Kg2 Qf8
44.Rc1 Ra6 45.Rc7 h5 46.Qc4 Qa8+ 47.Kg3 Ra1 48.Rxf7+ Kh8 49.Rc7 Rg1+ 50.Kh4 Qf8
51.Rc8 Be8 52.Qf4 Qe7+ 53.Qf6+  1-0